Normal view
MARC view
- Shahnawaz Janjua
Entry Personal Name
001 - CONTROL NUMBER
- control field: 93357
003 - CONTROL NUMBER IDENTIFIER
- control field: NUST
005 - DATE AND TIME OF LATEST TRANSACTION
- control field: 20220706184838.0
008 - FIXED-LENGTH DATA ELEMENTS
- fixed length control field: 220706|| aca||aabn | a|a d
040 ## - CATALOGING SOURCE
- Original cataloging agency: NUST
- Transcribing agency: NUST
100 ## - HEADING--PERSONAL NAME
- Personal name: Shahnawaz Janjua
670 ## - SOURCE DATA FOUND
- Source citation: Work cat.: (NUST)10031: Shahnawaz Janjua, Design and FPGA based implementation of barker demodulation block and CCK correlator block for DSSS technique in IEEE 802.11g, 2009.
